000 01275cam a2200133 4500500
005 20260329023141.0
041 _afre
042 _adc
100 1 0 _aFourcaut, Laurent
_eauthor
245 0 0 _aLe commentaire composé
260 _bArmand Colin,
_c2010.
520 _aLa rédaction d’un commentaire suppose une démarche particulière guidée par la volonté d’expliquer comment l’auteur traite un sujet de manière originale. En cela, il présente une double difficulté : il faut étudier un texte littéraire en évitant la paraphrase et après avoir mené à bien cette première approche analytique, regrouper les idées pour bâtir un plan cohérent et progressif. Dans notre ouvrage, vous trouverez une méthode qui permet d’élaborer ce travail : nous définissons d’abord la bonne manière de dégager les idées directrices du texte, puis nous précisons la manière de construire un plan, une introduction et une conclusion. Enfin, nous abordons les différents genres littéraires : poésie, prose, texte dramatique en donnant pour chacun des éléments de cours puis des entraînements au commentaire composé et des corrigés.
856 4 1 _uhttps://shs.cairn.info/le-commentaire-compose--9782200248765?lang=fr&redirect-ssocas=7080
999 _c1925093
_d1925093